00551nam a22001697a 450000500170000001000150001702000270003203500130005903700130007208200140008510000290009924501560012825000120028426000300029630000280032650000270035420160804110056.0 aENG-115628 a9789351437154c2495.00 aEN-99160 bDBAD/PUB a347.54077 aBanerjee, Bhaskar Prosad aWrit remedies:bremediable rights under public law : including High Court rules and guidelines for drafting writ petition /cby Bhaskar Prosad Banerjee a7th ed. aGurgaonbLexisNexisc2016 aclix,1572p.:c28cm (Hb) aIncludes subject index